|
|
|
|
| LEADER |
00599nam a22001937a 4500 |
| 003 |
OSt |
| 020 |
|
|
|a 9788131211060
|
| 082 |
|
|
|a 658.3
|b SNE/HU
|
| 100 |
|
|
|a Scott Snell
|
| 245 |
|
|
|a Human Resources Management
|b A South-Asian Perspective
|
| 250 |
|
|
|a 1st
|
| 260 |
|
|
|a New Delhi
|b Cengage Learning India Pvt Ltd
|c 2010
|
| 300 |
|
|
|a 593
|
| 650 |
|
|
|a Employee Selection
|
| 700 |
|
|
|a George Bohlander
|
| 700 |
|
|
|a Veena Vohra
|
| 942 |
|
|
|2 ddc
|c BK
|
| 999 |
|
|
|c 188820
|d 188820
|
| 952 |
|
|
|0 0
|1 0
|2 ddc
|4 0
|6 658_300000000000000_SNE_HU
|7 0
|9 194966
|a KAUCBV
|b KAUCBV
|d 2015-03-17
|g 0.00
|o 658.3 SNE/HU
|r 2015-03-17
|w 2015-03-17
|y BK
|